My Top 100 Songs of 2020 - Guess the Artist - Statistics

General Stats
  • This quiz has been taken 36 times
  • The average score is 36 of 100
Answer Stats
Song Title Artist % Correct
Break My Heart | Cool | Levitating | Physical Dua Lipa
88%
Cornelia Street | Death By a Thousand Cuts | Holy Ground | +12 others Taylor Swift
85%
Go to Town | Say So Doja Cat
67%
No TIme to Die | everything i wanted Billie Eilish
64%
911 Lady Gaga
61%
Rain on Me Lady Gaga & Ariana Grande
61%
Be Kind Marshmello & Halsey
61%
Eastside benny blanco, Halsey, & Khalid
58%
3am | Without Me | You should be sad Halsey
58%
Bet You Wanna | Crazy Over You | How You Like That | +2 others Blackpink
48%
Dance Monkey Tones and I
48%
Rewrite the Stars The Greatest Showman
42%
Never Really Over Katy Perry
39%
Break Up Song | Confetti | Happiness | +5 others Little Mix
39%
Midnight Sky Miley Cyrus
36%
It's Not Living (If It's Not With You) | Me & You Together Song The 1975
36%
Hey Look Ma, I Made It Panic! at the Disco
30%
So Hot You're Hurting My Feelings Caroline Polachek
21%
Candy Robbie Williams
21%
Dancing On My Own Robyn
21%
Higher Love Kygo & Whitney Houston
18%
SOLO Jennie
15%
Pretty Girl | Pretty Girl (Remix) Maggie Lindemann
15%
Solo Carly Rae Jepsen
12%
I Miss Having Sex, But At Least I Don't Want to Die | We Need to Talk Waterparks
12%
Gone Charli XCX
9%
Out of Touch Daryl Hall & John Oates
9%
I Think I'm OKAY MGK, YUNGBLUD, & Travis Barker
9%
Church Aly & AJ
6%
Hi, it's Me | STUPID | Working Bitch Ashnikko
6%
Somewhere in My Heart Aztec Camera
6%
Shape of My Heart Backstreet Boys
6%
GOLD | IF YOU PRAY RIGHT | NEW ORLEANS | ZIPPER BROCKHAMPTON
6%
OMG gryffin & Carly Rae Jepsen
6%
The Remedy (I Won't Worry) | Wordplay Jason Mraz
6%
Resentment Kesha
6%
Don't Kill My Vibe Sigrid
6%
Bartender | Bless My Heart | Dreams Cady Groves
3%
Drinks Cyn
3%
If You're Not the One Daniel Bedingfield
3%
Let Me Go Hailee Steinfeld & Alesso
3%
If I Don't | Nights and Weekends Hayley Orrantia
3%
La Vie en Rose IZONE
3%
Didn't I | Enjoy Ya Life Jared Brady
3%
I See Fire Jasmine Thompson
3%
Your Side of the Bed Loote
3%
Underwater MIKA
3%
Tombe M Pokora
3%
I TAEYEON
3%
Daphne Blue | See Through The Band CAMINO
3%
My Year | Someday | Someday - Ballad Zombies
3%
No matching quizzes found
Score Distribution
Percent of People with Each Score
Percentile by Number Answered
Your Score History
You have not taken this quiz